Communities near and far / (Record no. 16773)

000 -LEADER
fixed length control field 00387nam a2200145Ka 4500
040 ## - CATALOGING SOURCE
Transcribing agency DDC
082 ## - DEWEY DECIMAL CLASSIFICATION NUMBER
Classification number 372 SCO 1988 A108 Or.
245 00 - TITLE STATEMENT
Title Communities near and far /
260 ## - PUBLICATION, DISTRIBUTION, ETC. (IMPRINT)
Place of publication Glenview, IL :
Name of publisher Scott, foresman and company,
Year of publication 1988.
300 ## - PHYSICAL DESCRIPTION
Number of Pages 324 p. :
Other physical details ill. ;
Dimensions 26 cm.
490 0# - SERIES STATEMENT
Series statement Scott, foresman social studies
500 ## - GENERAL NOTE
General note Grade 3
650 #0 - SUBJECT ADDED ENTRY--TOPICAL TERM
Topical Term Social sciences
942 ## - ADDED ENTRY ELEMENTS (KOHA)
Koha item type សៀវភៅភាសាអង់គ្លេស
952 ## - LOCATION AND ITEM INFORMATION (KOHA)
Withdrawn status [LOCAL, KOHA] 0
Holdings
Permanent Location Date acquired Koha item type Lost status Shelving location Barcode Current Location Full call number
Library Block A2018-04-25សៀវភៅភាសាអង់គ្លេស A108A19960Library Block A372 SCO 1988 A108 Or.
មជ្ឈមណ្ឌលឯការនៃសាកលវិទ្យាល័យភូមិន្ទកសិកម្មចំការដូង

Powered by Koha